Membres de la famille royale britannique par image - Statistiques

Statistiques générales
  • Ce quiz a été pris 346 fois
  • Le résultat moyen est 12 sur 16
Statistiques - réponses
Par images Réponse % Correct
Charles
98%
Harry
95%
William
95%
Elizabeth
92%
Philip
90%
Anne
81%
Margaret
80%
Andrew
78%
Edward
73%
Eugenie
69%
Beatrice
64%
George/Albert
63%
Zara
59%
Louise
55%
James
52%
Peter
40%
Aucun quiz correspondant
Distribution des résultats
% des personnes avec chaque résultat
Percentile par nombre de réponses
Votre historique - résultats
Vous n’avez pas pris ce quiz